Os pastores da noite
Guardat en:
| Autor principal: | |
|---|---|
| Format: | Llibre |
| Idioma: | anglès |
| Publicat: |
Circulo De Leitores
1989
|
| Etiquetes: |
Afegir etiqueta
Sense etiquetes, Sigues el primer a etiquetar aquest registre!
|
MARC
| LEADER | 00000nam a22000007a 4500 | ||
|---|---|---|---|
| 008 | 201218b ||||| |||| 00| 0 eng d | ||
| 100 | |a AMADO, Jorge | ||
| 245 | |a Os pastores da noite |c Jorge Amado |g 310p. | ||
| 260 | |b Circulo De Leitores |c 1989 |h Tilgrafica |i 677355 |l PQ9697 .Am1 |m Bahia (Brazil: State) – Fiction. | ||
| 942 | |a lcc |c BK |e Kuteyi, M. A. |f 18/12/2020 | ||
| 952 | |0 0 |1 0 |2 lcc |4 0 |6 PQ9697 A M1 |7 0 |9 782 |a HOL |b HOL |c LP |d 2020-12-18 |l 0 |o PQ9697 .Am1 |p 2020-229997 |r 2020-12-18 00:00:00 |w 2020-12-18 |y BK | ||
| 999 | |c 443 |d 443 | ||